Las imágenes y sus laberintos / (Record no. 10797)

MARC details
000 -CABECERA
campo de control de longitud fija 02769nam a22005057a 4500
001 - NÚMERO DE CONTROL
campo de control BRCA_9178
003 - IDENTIFICADOR DEL NÚMERO DE CONTROL
campo de control FranzMayer
005 - FECHA Y HORA DE LA ÚLTIMA TRANSACCIÓN
campo de control 20220809125056.0
008 - DATOS DE LONGITUD FIJA--INFORMACIÓN GENERAL
campo de control de longitud fija 220630b |||||||| |||| 00| 0 spa d
020 ## - NÚMERO INTERNACIONAL ESTÁNDAR DEL LIBRO
Número Internacional Estándar del Libro 9786074176063
040 ## - FUENTE DE LA CATALOGACIÓN
Centro/agencia transcriptor MFM
041 ## - CÓDIGO DE LENGUA
Código de lengua del texto/banda sonora o título independiente spa
043 ## - CÓDIGO DE ÁREA GEOGRÁFICA
Código de área geográfica n-mx---
050 00 - SIGNATURA TOPOGRÁFICA DE LA BIBLIOTECA DEL CONGRESO
Número de clasificación N72.S6
Número de documento/Ítem I43 2019
245 04 - MENCIÓN DE TÍTULO
Título Las imágenes y sus laberintos /
Mención de responsabilidad, etc. Ana Torres Arroyo, coordinadora.
250 ## - MENCIÓN DE EDICIÓN
Mención de edición Primera edición.
264 #1 - PRODUCCIÓN, PUBLICACIÓN, DISTRIBUCIÓN, FABRICACIÓN Y COPYRIGHT
Producción, publicación, distribución, fabricación y copyright Ciudad de México :
Nombre del de productor, editor, distribuidor, fabricante Universidad Iberoamericana,
Fecha de producción, publicación, distribución, fabricación o copyright 2019.
300 ## - DESCRIPCIÓN FÍSICA
Extensión 214 p. :
Otras características físicas ilustraciones e imágenes fotográficas (algunas c.) ;
Dimensiones 23 cm
336 ## - TIPO DE CONTENIDO
Término de tipo de contenido text
Código de tipo de contenido txt
Fuente rdacontent
336 ## - TIPO DE CONTENIDO
Fuente rdacontent
337 ## - TIPO DE MEDIO
Nombre/término del tipo de medio unmediated
Código del tipo de medio n
Fuente rdamedia
338 ## - TIPO DE SOPORTE
Nombre/término del tipo de soporte volume
Código del tipo de soporte nc
Fuente rdacarrier
490 ## - MENCIÓN DE SERIE
Mención de serie Serie Roja de Arte
500 ## - NOTA GENERAL
Nota general Ubicación: L60-N1
504 ## - NOTA DE BIBLIOGRAFÍA, ETC.
Nota de bibliografía, etc. Incluye referencias bibliográficas
505 8# - NOTA DE CONTENIDO CON FORMATO
Nota de contenido con formato Incluye un ensayo sobre Hugo Brehme (15-32 p.)
505 8# - NOTA DE CONTENIDO CON FORMATO
Título Prólogo
505 8# - NOTA DE CONTENIDO CON FORMATO
Título México pintoresco. Atribuciones y contribuciones /
Mención de responsabilidad Mayra Mendoza Avilés
505 8# - NOTA DE CONTENIDO CON FORMATO
Título Entre celdas y reflectores: fotografía queer en el Archivo Casasola /
Mención de responsabilidad Iván Acebo Cho
505 8# - NOTA DE CONTENIDO CON FORMATO
Título El café de nadie /
Mención de responsabilidad Ivonne Lonna Olvera
505 8# - NOTA DE CONTENIDO CON FORMATO
Título Ornamento y función /
Mención de responsabilidad Natalia de la Rosa
505 8# - NOTA DE CONTENIDO CON FORMATO
Título Paisaje de Atzcapotzalco de Juan O'Gorman /
Mención de responsabilidad Fabiola Barreiro Álvarez
505 8# - NOTA DE CONTENIDO CON FORMATO
Título Referentes visuales de la masculinidad en el México de los años treinta /
Mención de responsabilidad Dafne Cruz Porchini
505 8# - NOTA DE CONTENIDO CON FORMATO
Título Síntesis de Roberto Montenegro /
Mención de responsabilidad Renata Blaisten González
505 8# - NOTA DE CONTENIDO CON FORMATO
Título Exterminio y La Madre España: enigma y melancolía en dos grabados de Celia Calderón /
Mención de responsabilidad Isabel Palomar Duclaud
505 8# - NOTA DE CONTENIDO CON FORMATO
Título Nahui y el Capitán Agacino en Nueva York: dos cuerpos frente a frente /
Mención de responsabilidad Dina Comisarenco Mirkin
505 8# - NOTA DE CONTENIDO CON FORMATO
Título Estética y política en la imaginario femenino de Maria Izquierdo /
Mención de responsabilidad Ana Torres Arroyo
520 ## - SUMARIO, ETC.
Sumario, etc. "Los diez ensayos que conforman este libro son el fruto de profundas investigaciones que nos permiten hacer un recorrido visual por el complejo y fascinante periodo histórico de la primera mitad del siglo XX mexicano. Los ensayos son estudios sobre fotografía, literatura, arquitectura, murales, grabados y pinturas que muestran fragmentos del desarrollo plural y diverso de la cultura visual posrevolucionaria a través de la historia de ciertas imágenes que nos permiten establecer interrelaciones entre lo político, lo social y lo estético."
Fuente proveedora Proporcionado por el editor.
650 #0 - PUNTO DE ACCESO ADICIONAL DE MATERIA--TÉRMINO DE MATERIA
Término de materia o nombre geográfico como elemento de entrada Arte y sociedad
Subdivisión geográfica México
Subdivisión general Historia
Subdivisión cronológica Siglo XX
9 (RLIN) 28385
650 #0 - PUNTO DE ACCESO ADICIONAL DE MATERIA--TÉRMINO DE MATERIA
Término de materia o nombre geográfico como elemento de entrada Arte
Subdivisión geográfica México
Subdivisión general Historiografía
Subdivisión cronológica Siglo XIX
9 (RLIN) 28386
650 #7 - PUNTO DE ACCESO ADICIONAL DE MATERIA--TÉRMINO DE MATERIA
Término de materia o nombre geográfico como elemento de entrada Historiografía
Subdivisión geográfica México
9 (RLIN) 28387
700 1# - PUNTO DE ACCESO ADICIONAL--NOMBRE DE PERSONA
Nombre de persona Torres Arroyo, Ana María,
Término indicativo de función/relación coord.
9 (RLIN) 28388
942 ## - ELEMENTOS DE PUNTO DE ACCESO ADICIONAL (KOHA)
Fuente del sistema de clasificación o colocación Library of Congress Classification
Tipo de ítem Koha Libros
Holdings
Estado de retiro Estado de pérdida Fuente del sistema de clasificación o colocación Estado dañado No para préstamo Localización permanente Ubicación/localización actual Fecha de adquisición Total de préstamos Signatura topográfica completa Código de barras Fecha visto por última vez Número de copia Precio válido a partir de Tipo de ítem Koha
El ejemplar forma parte de la colección y puede ser consultado según las políticas vigentes.   Library of Congress Classification     Biblioteca del Museo Franz Mayer (Rogerio Casas-Alatriste) Biblioteca del Museo Franz Mayer (Rogerio Casas-Alatriste) 30/06/2022   N72.S6 I43 2019 CONT9951 30/06/2022 1 30/06/2022 Libros